000 00502cam a22001457a 4500
008 180718b1958 xxu||||| |||| 00| 0 eng d
082 _aL2312 Am35r
245 _aReal estate appraisal practice: silver anniversary papers
_cby American Institute of Real Estate Appraisers
260 _aChicago
_bAmerican Institute of Real Estate Appraisers
_c1958
300 _ax,694p.
500 _a$10.00
650 _aReal Property - Valuation
700 _aAppraisers
700 _aAmerican Institute of Real Estate
999 _c357429
_d357429